Bold Design : new graphic design in France.

Bibliographic Details
Main Author: Noyelles. Gregoire
Format: Book
Published: Singapore: Page One Publishing, 2009.
Subjects:
LEADER 00474cam a2200157 7i4500
001 0000026108
005 20110713090000.0
020 0 0 |a 9789812457837  
090 0 0 |a DE 741.60944   |b NOY 
100 1 0 |a Noyelles. Gregoire  
245 1 0 |a Bold Design :   |b new graphic design in France. 
260 0 0 |a Singapore:   |b Page One Publishing,   |c 2009. 
300 # # |a 303p.. 
650 0 0 |a Graphic arts --   |x Design --   |z France  
651 0 0 |a France  
999 |a B000028539  |b Book  |c Countries  |e Business Information Centre